000 00822nam a2200229 a 4500
001 47727
003 BD-RjUL
005 20211209054359.0
008 160810s2006 bg a|||| b||| 00| 0 ben d
020 _a97898402411
_c:TK.200.00
035 _a(BD-RjUL)47846
040 _aBD-RjUL
_bben
_cBD-RjUL
_dBD-RjUL
041 _aben
082 _223
_a363.7
_bPAU 2006
100 _aপাল, নিশীথ কুমার
_9121656
245 1 0 _aউচ্চতর পরিবেশবিজ্ঞান /
_cনিশীথ কুমার পাল
260 _aঢাকা :
_bকবির পাবলিকেশন্স,
_c২০০৬
300 _a৩১১ পৃ. :
_bচিএ ;
_c২৩ সেমি.
650 _aপরিবেশবিজ্ঞান
_9122298
650 _aEcology
_9124688
942 _2ddc
_cBK
999 _c47727
_d47727